000 00357 a2200157 4500
001 64404
020 _a9788599366400
040 _cAnchieta - Pituba
100 _aValente, Margot Lobo
240 1 0 _aA rebeldia dos brinquedos
_lpor
245 1 0 _aA rebeldia dos brinquedos
300 _a16
362 0 _a2014
650 4 _aLiteratura juvenil
942 _cBK
999 _c64404
_d64404